00852nam a2200253 i 4500001000300000100002600003245010800029260004800137300002100185490002700206504001400233650005300247830002700300020001500327040000800342041000800350080001000358920001800368942000700386008004100393999001700434856009800451952004900549bg1 aMATACZYŃSKI, Maciej10aPrzepisy wymuszające swoje zastosowanie w prawie prywatnym międzynarodowym /cMaciej Mataczyński. aKraków :b"Zakamycze" ;aWarszawa,c2004. a282 s. ;c21 cm.1 aMonografie "Zakamycza" aBibliogr. 9aPrawo prywatne międzynarodoweystan na 2005 r. aMonografie "Zakamycza" a8374441259 cBPK0 apol a341.9 a83-7444-125-9 cKS s pl f |000 0 pol  c46563d46563 uhttp://koha.tu.koszalin.pl/cgi-bin/koha/opac-detail.pl?biblionumber=46563yKatalog online BPK 00104070aBPKbBPKcwo76601p02272566yKS